| 000 | 00883nam a22002417a 4500 | ||
|---|---|---|---|
| 999 |
_c18197 _d18197 |
||
| 003 | AR-CdUCM | ||
| 008 | 190513b ||||| |||| 00| 0 spa d | ||
| 040 |
_aMUNICIPALIDAD PROVINCIAL DEL CUSCO _cBIBLIOTECA MUNICIPAL DEL CUSCO |
||
| 082 |
_a261.7 / _bC70 |
||
| 100 |
_aConcha, Miguel _938650 |
||
| 245 | _aCristianos por la revolución en América Latina / | ||
| 260 |
_aMéxico, D.F. : _bGrijalbo, _c1977. |
||
| 300 |
_a159 páginas ; _c19 cm. |
||
| 440 |
_aColección 70 ; _n3 _91590 |
||
| 505 | _aContenido: Compromiso cristiano revolucionarios en América Latina -- Hacerse pobre con el pobre -- Cristianos guerrilleros ... | ||
| 650 |
_aCristianos revolucionarios _938651 |
||
| 650 |
_aGuerrilleros _938652 |
||
| 650 |
_aReforma agraria _91861 |
||
| 650 |
_aAmérica Latina _91130 |
||
| 700 |
_aÍñiguez, Jorge _938653 |
||
| 942 |
_2ddc _cLIBROS |
||
| 945 |
_aacv _d2019-05-13 |
||